00928cam a2200253 a 450000100060000000300080000600500170001400800410003103500190007204000320009104100130012308200250013610000230016124501920018426000310037630000250040750000540043250400410048665000230052765000250055065000420057565000250061770000320064231686BD-RjUL20211209051733.0140421s1978 fr b 000 0 eng d a(BD-RjUL)31774 aDLCcDLCdDLCdBD-RjULbeng1 aenghfre00a261.55223bBUB 19781 aBucaille, Maurice.14aThe Bible, the Qur'an, and science :bThe Holy Scriptures Examind in the Light of Modern Knowledge /cMaurice Bucaille ; translated from the French by Alastair D. Pannell and the author. aParis :b[S. N.],c[1978.] aix, 223 p. ;c22 cm. aTranslation of: La Bible, le Coran et la science. aIncludes bibliographical references. 0aBible and science. 0aQurʼan and science. 0aQurʼan xRelation to the Bible.  0aReligion and science aPannell, Alastair D. , tr.